00608nam a2200169 a 450000100100000000500170001000800410002704000250006808200150009310000230010824500360013124600660016726000470023330000280028095201130030899900170042100003241620200930065629.0110718s1965 xxua 000 0 eng d aDO-SdBNPbspacBNPHU axxxbM254c1 aMallin, Jay95837510aCaribbean crisis /cJay Mallin.14aCaribbean crisis, subversion fails in the Dominican Republic. aGarden City, New York :bDoubleday,c1965. a101 p. :bil. ;c19 cm. 001050718RVaPDbPDcCTd2011-07-18iLF1l0oxxx M254cp32416-10r2020-06-25w2020-06-25y1ZNo se presta c31907d31907